KOHA-Header-6

Data Structures and Algorithms (Record no. 12637)

000 -LEADER
fixed length control field 00241nam a22001097a 4500
020 ## - INTERNATIONAL STANDARD BOOK NUMBER
ISBN 9788177588262
082 ## - DEWEY DECIMAL CLASSIFICATION NUMBER
Classification number 011.64
100 ## - MAIN ENTRY--AUTHOR NAME
Personal name Alfred V. Aho
245 ## - TITLE STATEMENT
Title Data Structures and Algorithms
260 ## - PUBLICATION, DISTRIBUTION, ETC. (IMPRINT)
Place of publication India
Name of publisher Pearson
Year of publication 2006
942 ## - ADDED ENTRY ELEMENTS (KOHA)
Koha item type Books
Holdings
Withdrawn status Lost status Collection code Permanent Location Current Location Shelving location Date acquired Full call number Accession Number Koha item type
    Computer Science MAJU MAJU Shelf No.A33 2020-11-02 011.64 9820 Computer Science

Powered by Koha